Malte pour les touristes... - Facile - Statistiques

Statistiques générales
  • Ce quiz a été pris 46 fois
  • Le résultat moyen est 10 sur 20
Statistiques - réponses
Question Indice Réponses Indice facile % Correct
Quelles sont les langues officielles ? Anglais A
98%
Quelles sont les langues officielles ? Maltais
98%
Quelle autre langue est répandue ? Italien I
93%
Quelle est la monnaie ? Euro E
88%
Dans la capitale y-a-t-il un décalage horaire avec Paris ? (oui/non) Non
88%
La conduite se fait à droite ou à gauche ? Gauche
86%
Quelles sont les principales villes touristiques ? L La Valette
79%
La vitesse hors agglomération est limitée en général à {80} km/h
69%
Quelles sont les principales villes touristiques ? R Rabat BARAT
64%
Le suffixe internet est mt
50%
Le taux d'alcoolémie toléré au volant est de {0.8} g/l
48%
Quelles sont les principales villes touristiques ? M Mdina MADIN
33%
Quelles sont les principales villes touristiques ? S Sliema MALIES
33%
Achats à faire 3/ Objets en verre... Soufflé FFLOUES
26%
La religion majoritaire est catholicisme C
24%
Quelles sont les principales villes touristiques ? M Mosta TASOM
24%
Achats à faire 2/ Ouvrage au fuseau ou au crochet Dentelle Bizilla
12%
Quels parcs naturels peut-on visiter ? S Salina SAINLA
10%
Achats à faire 1/ Bijoux légers en Filigrane INFLIGERA
7%
Quels parcs naturels peut-on visiter ? G Ghadira GARDAIH
2%
Aucun quiz correspondant
Distribution des résultats
% des personnes avec chaque résultat
Percentile par nombre de réponses
Votre historique - résultats
Vous n’avez pas pris ce quiz